Normal view
MARC view
Entry Personal Name
001 - CONTROL NUMBER
- control field: 3423
003 - CONTROL NUMBER IDENTIFIER
- control field: ARRUPE
005 - DATE AND TIME OF LATEST TRANSACTION
- control field: 20131106165319.0
008 - FIXED-LENGTH DATA ELEMENTS
- fixed length control field: 131106|| aca||aabn | a|a d
040 ## - CATALOGING SOURCE
- Original cataloging agency: ARRUPE
- Transcribing agency: ARRUPE
100 ## - HEADING--PERSONAL NAME
- Personal name: Sullivan, Maureen,
- Titles and other words associated with a name: O.P.
670 ## - SOURCE DATA FOUND
- Source citation: Work cat.: (ARRUPE)0: Sullivan, Maureen, O.P., The road to Vatican II :, c2007.